000 01743nam2a2200325 4500
001 rc\3002308
005 20260315063807.0
010 _dБеспл.
_9800
021 _aRU
_b[39-10132]
035 _a(NLR Aleph) 007145366
090 _a13615696
_c13615696
100 _a20110920d1939 k y0rusy50 ca
101 0 _arus
102 _aRU
105 _aa g |||||
200 0 _aДополнение № 2-1939 г. к Лоции Баренцова моря, ч. 2. Мурманский берег. Изд. 1935 г.
_eисправленное на 15 февраля 1939 г.
210 _d1939
215 _a44 л.
_cчерт.
_d25
422 0 _12001#$aЛоция Баренцева моря$hч. 2$iМурманский берег
_1210##$d1935
_15451#$aМурманский берег
_tЛоция Баренцева моря
461 0 _1001rc\3002303
_12001#$aЛоция Баренцева моря$fГидрогр. отд-ние УМС РККА$vЧ. 2
_97097020
_cЛенинград
_d1935-1946
_fГидрографический отдел УМС РККА
_nИздательство и картотипография Гидрографического отдела УМС РККА
_tЛоция Баренцева моря
_vЧ. 2
540 1 _aЛоция Баренцева моря, ч. 2. Мурманский берег. Изд. 1935 г.
_eдополнение № 2-1939 г.
607 _aМурманское побережье
_jЛоция
_91421190
_3RU\NLR\AUTH\66599713
607 _aБаренцево море
_xЛоция
_91194762
_3RU\NLR\AUTH\66164858
686 _aО471.12,1(912.3)
801 0 _aRU
_bNLR
_gpsbo
801 1 _aRU
_bELAR
_2rusmarc
852 _aNLR
_j35-19/172 (2-2)
942 _cUNSPEC
980 _aNB